00980nam0a22002051 4500001001100000005001700011035002600028100004100054101000800095102000700103105001800110200040300128210004200531215001500573225009300588333003100681801001800712801002200730852002200752rc\108341120250622141118.0 a(NLR Aleph) 006331454 a20041126d1983 |||y0rusy50 ca0 arus aRU ay |||||||||1 aИзоляторы и распорки из специальной керамикиeВ части подразделовe20.30 Изоляторы стеатитовыеeНоменклатур. каталог НК 20.3.01-83eВзамен НС 20.06-79fМ-во электротехн. пром-сти, ВНИИ информ. и техн.-экон. исслед. в электротехнике aМ.cИнформэлектроd1983 a15 с.d211 aСерия 20. Электрокерамические изделия. Изоляторы aДСП. Экз. № 000008 0aRUbNLRgpsbo 1aRUbELAR2rusmarc aNLRj83-50К/2176